[Event "33. Münsterland Open"]
[Site "Senden"]
[Date "2015.10.10"]
[Round "1.1"]
[White "Köllner, Ruben Gideon"]
[Black "Zubarev, Alexander"]
[Result "0-1"]
[WhiteElo "1945"]
[BlackElo "2542"]
[PlyCount "86"]
[EventDate "2015.??.??"]
[WhiteTeam "SV Bergneustadt/Derschlag"]
[BlackTeam "SC Siegburg"]

1. d4 Nf6 2. Nf3 c5 3. e3 g6 4. Bd3 Bg7 5. Nbd2 d5 6. c3 Nc6 7. O-O Qd6 8. dxc5
Qxc5 9. e4 O-O 10. Re1 e5 11. exd5 Qxd5 12. Ne4 Bf5 13. Nxf6+ Bxf6 14. Bxf5
Qxd1 15. Rxd1 gxf5 16. Bg5 Bxg5 17. Nxg5 Rfd8 18. g3 Kg7 19. Kf1 Kf6 20. Nf3 e4
21. Ne1 Ne5 22. Ke2 h5 23. Rd4 Rxd4 24. cxd4 Nc6 25. Ke3 Nb4 26. Kd2 Rd8 27.
Kc3 Nd5+ 28. Kd2 f4 29. Ng2 f3 30. Ne1 Ke6 31. Nc2 f5 32. Rd1 Rc8 33. a3 a5 34.
Ne3 Nxe3 35. Kxe3 Rc2 36. Rd2 Rxd2 37. Kxd2 Kd5 38. Ke3 a4 39. h3 b6 40. g4
fxg4 41. hxg4 hxg4 42. Kf4 Kxd4 43. Kxg4 Kd3 0-1

[Event "33. Münsterland Open"]
[Site "Senden"]
[Date "2015.10.11"]
[Round "1.2"]
[White "Kantans, Toms"]
[Black "Lodde, Martin"]
[Result "1-0"]
[WhiteElo "2504"]
[BlackElo "1943"]
[PlyCount "77"]
[EventDate "2015.??.??"]
[WhiteTeam "SG Speyer-Schwegenheim"]
[BlackTeam "SF Telgte"]

1. e4 e6 2. c4 d5 3. exd5 exd5 4. cxd5 Nf6 5. Nc3 Be7 6. Nf3 O-O 7. Bc4 Nbd7 8.
d3 Nb6 9. Qb3 Bd6 10. Be3 Re8 11. O-O-O Bg4 12. Rde1 Bxf3 13. gxf3 Nh5 14. Ne4
Rc8 15. Kb1 Re5 16. a4 Rf5 17. a5 Nxc4 18. dxc4 b6 19. Bd4 Be5 20. Bxe5 Rxe5
21. Qc3 Qe7 22. Ng3 Re8 23. Qxe5 Qxe5 24. Rxe5 Rxe5 25. Ne4 Kf8 26. Kc2 f5 27.
Nc3 Ke7 28. a6 Kd7 29. Nb5 Re8 30. Nxa7 Ra8 31. Nc6 Kd6 32. a7 Nf4 33. Kc3 b5
34. b3 bxc4 35. bxc4 Nxd5+ 36. cxd5 Kxd5 37. Nb4+ Ke5 38. Ra1 c5 39. Nd3+ 1-0

[Event "33. Münsterland Open"]
[Site "Senden"]
[Date "2015.10.11"]
[Round "1.3"]
[White "Distelrath, Oliver"]
[Black "Podzielny, Karl-Heinz"]
[Result "0-1"]
[WhiteElo "1936"]
[BlackElo "2409"]
[PlyCount "82"]
[EventDate "2015.??.??"]
[WhiteTeam "SV Unser Fritz"]
[BlackTeam "SV Letmathe"]

1. e4 g6 2. Nc3 Bg7 3. f4 c6 4. Nf3 d5 5. e5 h5 6. d4 Nh6 7. Bd3 Bf5 8. O-O
Bxd3 9. Qxd3 e6 10. Nd1 Bf8 11. Be3 Qb6 12. c4 Qa6 13. b3 Nd7 14. Nb2 Ba3 15.
Qc2 Nf5 16. Bf2 Bxb2 17. Qxb2 dxc4 18. bxc4 Nb6 19. Nd2 Rd8 20. Rfc1 Na4 21.
Qa3 Nxd4 22. Ne4 c5 23. Nd6+ Rxd6 24. exd6 Ne2+ 25. Kh1 Nxc1 26. d7+ Kxd7 27.
Rxc1 Qc6 28. Rd1+ Kc8 29. Bh4 Re8 30. Bf6 a6 31. h3 b5 32. cxb5 axb5 33. Qc1
Nb6 34. Qa3 Kb7 35. Rc1 Rc8 36. Be7 c4 37. Bf6 Nd5 38. Bd4 Ra8 39. Qb2 b4 40.
Qe2 c3 41. Qc2 Qc4 0-1

[Event "33. Münsterland Open"]
[Site "Senden"]
[Date "2015.10.11"]
[Round "1.4"]
[White "Schleining, Zoya"]
[Black "Müller, Achim"]
[Result "1-0"]
[WhiteElo "2363"]
[BlackElo "1933"]
[PlyCount "105"]
[EventDate "2015.??.??"]
[WhiteTeam "SV Letmathe"]
[BlackTeam "Rheinbacher SF"]

1. Nf3 f5 2. d3 Nf6 3. Bg5 Nc6 4. c4 e5 5. g3 Be7 6. Nc3 O-O 7. Bg2 d6 8. O-O
Be6 9. Nd2 Qd7 10. e3 h6 11. Bxf6 Bxf6 12. Nd5 Ne7 13. Nxf6+ Rxf6 14. Bxb7 Raf8
15. Bg2 f4 16. Ne4 R6f7 17. exf4 exf4 18. Re1 Bh3 19. Bh1 Nf5 20. d4 fxg3 21.
hxg3 c6 22. Qd2 Nh4 23. Re3 Qg4 24. Qe2 Nf3+ 25. Rxf3 Rxf3 26. Bxf3 Rxf3 27.
Re1 d5 28. cxd5 cxd5 29. Nd2 Rxg3+ 30. fxg3 Qxg3+ 31. Kh1 Bg2+ 32. Qxg2 Qxe1+
33. Nf1 Qh4+ 34. Nh2 Qxd4 35. Nf3 Qe4 36. Qf2 d4 37. Kg2 Qg4+ 38. Qg3 Qe4 39.
Qb8+ Kh7 40. Qxa7 Qe2+ 41. Kg3 d3 42. Qf2 Qe4 43. Qd2 Qg6+ 44. Kf2 Qb6+ 45. Kf1
Qb5 46. Kf2 Qb6+ 47. Ke1 Qe6+ 48. Kd1 Qxa2 49. Qxd3+ Kg8 50. Kc2 Qa5 51. Qc4+
Kh8 52. Nd4 Kh7 53. b4 1-0

[Event "33. Münsterland Open"]
[Site "Senden"]
[Date "2015.10.10"]
[Round "1.5"]
[White "Raddatz, Uwe"]
[Black "Schuh, Dirk"]
[Result "0-1"]
[WhiteElo "1919"]
[BlackElo "2360"]
[PlyCount "84"]
[EventDate "2015.??.??"]
[WhiteTeam "SK Münster"]
[BlackTeam "Düsseldorfer SK"]

1. d4 d5 2. Nf3 Nf6 3. Bg5 Ne4 4. Bf4 c5 5. e3 Qb6 6. Qc1 Nc6 7. c3 f6 8. Nbd2
g5 9. Bg3 h5 10. Nxe4 dxe4 11. Nd2 h4 12. dxc5 Qxc5 13. Bc7 Qf5 14. h3 e5 15.
Bb5 Bd7 16. Nc4 Qe6 17. Qd2 Rc8 18. Nd6+ Bxd6 19. Qxd6 Qxd6 20. Bxd6 Nd8 21.
Bxd7+ Kxd7 22. O-O-O Ke6 23. Rd2 Nf7 24. Rhd1 Rcd8 25. Bb4 Rxd2 26. Rxd2 f5 27.
f3 exf3 28. gxf3 g4 29. fxg4 fxg4 30. hxg4 h3 31. Rh2 e4 32. Bc5 b6 33. Bd4 Rh4
34. Kd1 Ng5 35. Ke2 Nf3 36. Rh1 Rxg4 37. c4 h2 38. Kf2 Kf5 39. a4 Rg6 40. b4
Kg4 41. c5 Kh3 42. cxb6 Rg2+ 0-1

[Event "33. Münsterland Open"]
[Site "Senden"]
[Date "2015.10.11"]
[Round "1.6"]
[White "Ackermann, Hans Werner"]
[Black "Picatoste, Sergio"]
[Result "1-0"]
[WhiteElo "2331"]
[BlackElo "1915"]
[PlyCount "61"]
[EventDate "2015.??.??"]
[WhiteTeam "SSC Rostock"]
[BlackTeam "Sant Andreu"]

1. Nf3 Nf6 2. b3 g6 3. Bb2 Bg7 4. g3 O-O 5. Bg2 d6 6. d4 c6 7. O-O Qc7 8. c4
Bg4 9. Nc3 Bxf3 10. Bxf3 Nbd7 11. Qd2 Rad8 12. Rfe1 Rfe8 13. Rad1 e5 14. e3 a6
15. Bg2 Nf8 16. Ne2 h5 17. Qc1 Qc8 18. Bc3 N6d7 19. Ba5 b6 20. Bb4 c5 21. Bc3
Nb8 22. Bb2 Bh6 23. dxe5 dxe5 24. Rxd8 Qxd8 25. Nc3 Bg7 26. Rd1 Nbd7 27. Qd2
Qb8 28. Bc6 Rd8 29. Qd6 Qa7 30. Nd5 Kh8 31. Qe7 1-0

[Event "33. Münsterland Open"]
[Site "Senden"]
[Date "2015.10.11"]
[Round "1.7"]
[White "Telöken, Daniel"]
[Black "Holtel, Jasper"]
[Result "0-1"]
[WhiteElo "1907"]
[BlackElo "2316"]
[PlyCount "58"]
[EventDate "2015.??.??"]
[WhiteTeam "Südlohner SV"]
[BlackTeam "SK Münster"]

1. Nf3 Nf6 2. c4 g6 3. b3 Bg7 4. Bb2 O-O 5. g3 c6 6. Bg2 d5 7. Qc2 Bg4 8. Ne5
Bf5 9. d3 Nbd7 10. O-O Rc8 11. Nd2 Nxe5 12. Bxe5 Qb6 13. e4 dxe4 14. Nxe4 Bxe4
15. dxe4 Nh5 16. Qb2 Qc5 17. Bxg7 Nxg7 18. Rad1 Rcd8 19. Qc3 a5 20. Bh3 Qh5 21.
g4 Qc5 22. Kg2 Ne6 23. Kg3 g5 24. Bg2 Nf4 25. Qe3 Qe5 26. Kf3 Ng6 27. Ke2 Qb2+
28. Kf3 Qf6+ 29. Kg3 Qe5+ 0-1

[Event "33. Münsterland Open"]
[Site "Senden"]
[Date "2015.10.11"]
[Round "1.8"]
[White "Webb, Laurence"]
[Black "Lödding, Detlef"]
[Result "1-0"]
[WhiteElo "2307"]
[BlackElo "1899"]
[PlyCount "79"]
[EventDate "2015.??.??"]
[WhiteTeam "SK Münster"]
[BlackTeam "SK Dülmen"]

1. e4 c5 2. Nf3 Nc6 3. Bb5 d6 4. O-O Bd7 5. Re1 e5 6. c3 a6 7. Bf1 Nf6 8. Na3
Be7 9. Nc2 O-O 10. d4 Rc8 11. h3 Re8 12. d5 Na7 13. a4 Rf8 14. c4 a5 15. Bd3 b6
16. Na3 Rc7 17. Nd2 Ne8 18. Nb5 Nxb5 19. cxb5 g6 20. Nc4 Rb7 21. Bh6 Ng7 22. f4
f6 23. Rf1 Rf7 24. fxe5 fxe5 25. Rxf7 Kxf7 26. Qf3+ Kg8 27. Rf1 Qe8 28. Qe3 Bc8
29. Be2 Qd8 30. Qf2 Qe8 31. Qg3 Qd8 32. Bg4 Bxg4 33. Qxg4 Bf8 34. g3 Rf7 35.
Rxf7 Kxf7 36. Bg5 Qc7 37. Qf3+ Kg8 38. Qf6 Qd7 39. Kg2 Qc7 40. Qd8 1-0

[Event "33. Münsterland Open"]
[Site "Senden"]
[Date "2015.10.11"]
[Round "1.9"]
[White "Wehling, Ulrich"]
[Black "Schmitzer, Klaus"]
[Result "0-1"]
[WhiteElo "1898"]
[BlackElo "2264"]
[PlyCount "90"]
[EventDate "2015.??.??"]
[WhiteTeam "SK Münster"]
[BlackTeam "Bad Vilbeler Sfr"]

1. c4 b6 2. Nc3 e6 3. Nf3 f5 4. d4 Bb7 5. g3 Bb4 6. Bg2 Nf6 7. O-O O-O 8. Bg5
h6 9. Bxf6 Qxf6 10. e3 g5 11. Ne1 Bxg2 12. Nxg2 Bxc3 13. bxc3 Nc6 14. f4 Na5
15. Qd3 g4 16. Rae1 d5 17. cxd5 exd5 18. Rf2 Nc4 19. Qf1 Rae8 20. Rfe2 Re4 21.
Nh4 Rfe8 22. Qf2 Qe6 23. Ng2 Kf7 24. Kh1 Kf6 25. Kg1 Qe7 26. Kh1 a6 27. Kg1 Re6
28. e4 Rxe4 29. Rxe4 dxe4 30. Qe2 b5 31. Ne3 Nxe3 32. Qxe3 Qe6 33. Rd1 Rd8 34.
Rd2 Qd5 35. h3 gxh3 36. Kh2 Rd6 37. Kxh3 Rc6 38. Kh2 Kg7 39. Rg2 Rg6 40. Kg1 h5
41. Rh2 Kh6 42. Rg2 Qc4 43. Kh2 Rc6 44. g4 hxg4 45. Qg3 Kg7 0-1

[Event "33. Münsterland Open"]
[Site "Senden"]
[Date "2015.10.11"]
[Round "1.10"]
[White "Huhndorf, Arnold"]
[Black "Simon, Thomas"]
[Result "1-0"]
[WhiteElo "2400"]
[BlackElo "2400"]
[PlyCount "89"]
[EventDate "2015.??.??"]
[TimeControl "300"]

1. d4 Nf6 2. c4 e6 3. Nf3 b6 4. g3 Bb7 5. Bg2 Be7 6. O-O O-O 7. d5 exd5 8. Nh4
c6 9. cxd5 Nxd5 10. Nf5 Bf6 11. e4 Nc7 12. Nc3 d5 13. exd5 cxd5 14. Bf4 Nba6
15. Rc1 Qd7 16. Bh3 Qd8 17. Re1 Ne6 18. Be5 d4 19. Bxf6 Qxf6 20. Nb5 Ng5 21.
Bg4 h5 22. h4 hxg4 23. Ne7+ Kh8 24. hxg5 Qxg5 25. Nxd4 Rad8 26. Qa4 Nc5 27.
Qxa7 Qh6 28. f3 Rxd4 29. Rc2 gxf3 30. Rf2 Rd2 31. Nf5 Qh3 32. Rxd2 f2+ 33. Kxf2
Qg2+ 34. Ke3 Qf3+ 35. Kd4 Rd8+ 36. Kc4 Qg4+ 37. Nd4 Bd5+ 38. Kb4 Qxg3 39. Red1
Qd6 40. Kb5 Nd7 41. Qa3 Qc7 42. Rc2 Qe5 43. Qh3+ Kg8 44. Qf5 Qe7 45. Qxd5 {
normal} 1-0

[Event "33. Münsterland Open"]
[Site "Senden"]
[Date "2015.10.11"]
[Round "2.1"]
[White "Zubarev, Alexander"]
[Black "Althoff, Ralph"]
[Result "1-0"]
[WhiteElo "2542"]
[BlackElo "2097"]
[PlyCount "43"]
[EventDate "2015.??.??"]
[WhiteTeam "SC Siegburg"]
[BlackTeam "SF Olfen"]

1. e4 c5 2. Nf3 e6 3. d4 cxd4 4. Nxd4 a6 5. Bd3 Bc5 6. Nb3 Be7 7. Qg4 g6 8. Qe2
d6 9. O-O Nc6 {9...Sd7} 10. a4 b6 11. Na3 Bb7 12. a5 Nf6 13. axb6 O-O {13...
Dxb6} 14. Nc4 $16 d5 15. exd5 Nxd5 16. Nba5 Nxa5 17. Nxa5 Qxb6 18. Nxb7 Qxb7
19. Be4 $18 Qc7 20. c4 Nb4 21. Bxa8 Rxa8 22. b3 1-0

[Event "33. Münsterland Open"]
[Site "Senden"]
[Date "2015.10.11"]
[Round "2.2"]
[White "Ballon, Günther Jan"]
[Black "Kantans, Toms"]
[Result "0-1"]
[WhiteElo "2018"]
[BlackElo "2504"]
[PlyCount "84"]
[EventDate "2015.??.??"]
[WhiteTeam "Caissa Amsterdam"]
[BlackTeam "SG Speyer-Schwegenheim"]

1. d4 Nf6 2. c4 c5 3. d5 e6 4. Nc3 exd5 5. cxd5 d6 6. e4 g6 7. f3 Bg7 8. Bg5 h6
9. Be3 a6 10. a4 O-O 11. Qd2 Re8 12. Nge2 Nbd7 13. Nd1 Nh7 14. Nec3 f5 15. exf5
gxf5 16. Be2 Ng5 17. O-O Nf7 18. Re1 Nde5 19. Nf2 Bd7 20. f4 Ng6 21. g3 Qf6 22.
a5 Nf8 23. Kg2 Qg6 24. Rab1 Rac8 25. h4 Nh7 26. Rec1 Nf6 27. b4 cxb4 28. Rxb4
Rxc3 29. Rxc3 Nxd5 30. Rxb7 Nxc3 31. Rxd7 Nxe2 32. Qxe2 Qe6 33. Rxf7 Qxf7 34.
Qd3 Qb7+ 35. Kh2 Qf3 36. Bb6 Qxd3 37. Nxd3 Re2+ 38. Kh3 Bc3 39. h5 Rd2 40. Nc1
Rd5 41. Nb3 Rb5 42. Nd4 Bxd4 0-1

[Event "33. Münsterland Open"]
[Site "Senden"]
[Date "2015.10.11"]
[Round "2.3"]
[White "Podzielny, Karl-Heinz"]
[Black "Woestmann, Ulrich"]
[Result "1-0"]
[WhiteElo "2409"]
[BlackElo "2090"]
[PlyCount "65"]
[EventDate "2015.??.??"]
[WhiteTeam "SV Letmathe"]
[BlackTeam "SV Ahlen"]

1. d4 Nf6 2. Nf3 g6 3. c4 Bg7 4. Nc3 d5 5. Bg5 Ne4 6. Bh4 c5 7. cxd5 Nxc3 8.
bxc3 Qxd5 9. e3 cxd4 10. cxd4 Qa5+ 11. Qd2 Nc6 12. Rc1 Bd7 13. Be2 Qxd2+ 14.
Nxd2 Rc8 15. O-O f6 16. Ne4 Na5 17. Nc5 a6 18. Bf3 Bb5 19. Nxb7 Rxc1 20. Rxc1
Nxb7 21. Bxb7 Kd7 22. Bg3 e5 23. h4 Rb8 24. Bd5 Kd6 25. Bb3 Rb6 26. Rc8 Rb7 27.
Kh2 Rc7 28. Rb8 h5 29. f4 Re7 30. fxe5+ fxe5 31. Rb6+ Kd7 32. d5 Bd3 33. d6 1-0

[Event "33. Münsterland Open"]
[Site "Senden"]
[Date "2015.10.11"]
[Round "2.4"]
[White "Wetterau, Georg"]
[Black "Schleining, Zoya"]
[Result "0-1"]
[WhiteElo "2008"]
[BlackElo "2363"]
[PlyCount "66"]
[EventDate "2015.??.??"]
[WhiteTeam "SK Königsspringer Nordwalde"]
[BlackTeam "SV Letmathe"]

1. e4 c5 2. Nf3 d6 3. d4 cxd4 4. Nxd4 Nf6 5. Nc3 a6 6. Be2 e5 7. Nb3 Be7 8. O-O
Be6 9. f4 exf4 10. Bxf4 Nc6 11. Kh1 O-O 12. h3 Rc8 13. Qe1 Ne5 14. Rd1 Qb6 15.
Qg3 Ng6 16. Be3 Qc7 17. Bf3 Bc4 18. Rf2 Nd7 19. Rfd2 Nde5 20. Qf2 Bh4 21. Qg1
Nxf3 22. gxf3 f5 23. Nd4 fxe4 24. fxe4 Bf6 25. Nd5 Bxd5 26. exd5 Bxd4 27. Bxd4
Rf3 28. Qg4 Rcf8 29. c3 Qf7 30. Qe6 Nf4 31. Qxf7+ Rxf7 32. Rh2 Nxd5 33. Bxg7
Rxg7 0-1

[Event "33. Münsterland Open"]
[Site "Senden"]
[Date "2015.10.11"]
[Round "2.5"]
[White "Schuh, Dirk"]
[Black "Jungbluth, Michael"]
[Result "1-0"]
[WhiteElo "2360"]
[BlackElo "2011"]
[PlyCount "47"]
[EventDate "2015.??.??"]
[WhiteTeam "Düsseldorfer SK"]
[BlackTeam "SV Unser Fritz"]

1. e4 e6 2. d4 d5 3. Nd2 Nf6 4. Bd3 c5 5. c3 Nc6 6. Ngf3 cxd4 7. cxd4 dxe4 8.
Nxe4 Be7 9. O-O O-O 10. Be3 b6 11. Nxf6+ Bxf6 12. Bxh7+ Kxh7 13. Qc2+ g6 14.
Qxc6 Bd7 15. Qb7 Rb8 16. Qe4 Kg7 17. Rfc1 Rh8 18. Bf4 Rc8 19. Qb7 Rh5 20. Be5
g5 21. Bxf6+ Kxf6 22. Ne5 Rxc1+ 23. Rxc1 Be8 24. Qf3+ 1-0

[Event "33. Münsterland Open"]
[Site "Senden"]
[Date "2015.10.11"]
[Round "2.6"]
[White "Junk, Andreas"]
[Black "Ackermann, Hans Werner"]
[Result "0-1"]
[WhiteElo "2002"]
[BlackElo "2331"]
[PlyCount "50"]
[EventDate "2015.??.??"]
[WhiteTeam "SC Hiltrup"]
[BlackTeam "SSC Rostock"]

1. e4 d6 2. Nc3 Nf6 3. f4 e5 4. Nf3 Nbd7 5. Bc4 h6 6. d3 c6 7. Qe2 Be7 8. Bd2
Qc7 9. O-O b5 10. Bb3 a5 11. a4 b4 12. Nd1 Nc5 13. Bc4 O-O 14. Nf2 $2 (14. fxe5
dxe5 15. Ne3) 14... d5 15. fxe5 Nfxe4 $1 16. Nxe4 Nxe4 17. dxe4 dxc4 18. c3 Ba6
19. Rfd1 Rad8 20. Be3 Rd3 21. Qf2 c5 22. cxb4 axb4 23. Rac1 Rfd8 24. Rxd3 Rxd3
25. Ne1 $2 Rxe3 0-1

[Event "33. Münsterland Open"]
[Site "Senden"]
[Date "2015.10.11"]
[Round "2.7"]
[White "Holtel, Jasper"]
[Black "Meyer, Ulrich"]
[Result "1/2-1/2"]
[WhiteElo "2316"]
[BlackElo "2005"]
[PlyCount "76"]
[EventDate "2015.??.??"]
[WhiteTeam "SK Münster"]
[BlackTeam "SK Münster"]

1. Nf3 d5 2. g3 Bg4 3. Bg2 Bxf3 4. Bxf3 c6 5. c4 e6 6. cxd5 exd5 7. O-O Nf6 8.
d3 Bd6 9. Nc3 Nbd7 10. e4 dxe4 11. dxe4 Qe7 12. Bg2 O-O 13. f4 Bb4 14. e5 Bxc3
15. bxc3 Qc5+ 16. Kh1 Nd5 17. Qb3 Rfd8 18. Ba3 Qa5 19. Bb4 Nxb4 20. cxb4 Qb6
21. Rad1 Nf8 22. f5 Rxd1 23. Rxd1 Re8 24. e6 fxe6 25. fxe6 Re7 26. Rf1 Qd4 27.
b5 Qd6 28. bxc6 bxc6 29. Qf3 Nxe6 30. Qxc6 Qxc6 31. Bxc6 g6 32. Bd5 Kg7 33. a4
Nd4 34. Rd1 Nf5 35. Bf3 Kf6 36. Kg1 Rc7 37. a5 Rc3 38. Be2 Rc2 1/2-1/2

[Event "33. Münsterland Open"]
[Site "Senden"]
[Date "2015.10.11"]
[Round "2.8"]
[White "Baumann, Stephan"]
[Black "Webb, Laurence"]
[Result "1-0"]
[WhiteElo "1996"]
[BlackElo "2307"]
[Annotator "Kamp,Christoph"]
[PlyCount "101"]
[EventDate "2015.??.??"]
[WhiteTeam "SK Münster"]
[BlackTeam "SK Münster"]

1. e4 c6 2. Ne2 d5 3. e5 c5 4. d4 Nc6 5. c3 Bg4 6. Qa4 e6 7. Ng3 cxd4 8. cxd4
Nge7 9. Bb5 a6 10. Bxc6+ Nxc6 11. h3 b5 12. Qb3 Bf5 (12... Qc8 $1 13. Qe3 Nxd4
14. Na3 Nf5 15. Nxf5 Bxf5 $17) 13. Nxf5 exf5 14. Nc3 Bb4 15. O-O Bxc3 16. bxc3
O-O 17. Ba3 Re8 18. Bd6 Ne7 19. a4 f4 20. axb5 axb5 21. Qxb5 h5 22. Qb7 Rxa1
23. Rxa1 Qc8 24. Qxc8 Nxc8 25. Bc5 Ne7 26. Ra7 Nc6 27. Rc7 Na5 28. Rd7 Nc4 29.
Rxd5 Ra8 30. Kf1 Ra2 31. Ke1 Kh7 32. Bb4 Kg6 33. Rc5 Nd2 34. Ra5 Rb2 35. Ba3
Ra2 36. Bb4 Rb2 37. d5 f3 38. gxf3 Nxf3+ 39. Kf1 Nxe5 40. d6 f6 41. Rxe5 fxe5
42. Ke1 Rb1+ 43. Kd2 Rb2+ 44. Kc1 Rxb4 45. cxb4 Kf7 46. Kd2 Ke6 47. Ke3 g5 48.
Ke4 Kxd6 49. Kf5 g4 50. hxg4 h4 51. Ke4 1-0

[Event "33. Münsterland Open"]
[Site "Senden"]
[Date "2015.10.11"]
[Round "2.9"]
[White "Schmitzer, Klaus"]
[Black "Mittelbachert, Ulrich"]
[Result "1-0"]
[WhiteElo "2264"]
[BlackElo "1987"]
[PlyCount "49"]
[EventDate "2015.??.??"]
[WhiteTeam "Bad Vilbeler Sfr"]
[BlackTeam "SK Sodingen-Castrop"]

1. d4 d6 2. e4 g6 3. Nc3 c6 4. Be3 d5 5. Qd2 h5 6. O-O-O Nh6 7. f3 a6 8. Kb1 b5
9. a3 Bg7 10. h3 h4 11. Nge2 Bb7 12. Bg5 Nd7 13. Nc1 Nb6 14. Nb3 Nc4 15. Bxc4
bxc4 16. Nc5 Qb6 17. Rhe1 e6 18. Qf4 dxe4 19. N3a4 Qb5 20. Qd6 Nf5 21. Qd7+ Kf8
22. fxe4 Nxd4 23. Rf1 f5 24. Rxd4 c3 25. Nxe6+ 1-0

[Event "33. Münsterland Open"]
[Site "Senden"]
[Date "2015.10.11"]
[Round "2.10"]
[White "Eiersbrock, Robin"]
[Black "Huhndorf, Arnold"]
[Result "0-1"]
[WhiteElo "1984"]
[BlackElo "2255"]
[PlyCount "88"]
[EventDate "2015.??.??"]
[WhiteTeam "SK Dülmen"]
[BlackTeam "SV Würselen"]

1. d4 Nf6 2. Bg5 Ne4 3. Bf4 c5 4. c3 Qb6 5. Qc2 d5 6. e3 Bf5 7. dxc5 Qxc5 8.
Bd3 Bg6 9. Qb3 b6 10. Bxb8 Rxb8 11. Bb5+ Kd8 12. Nf3 Rc8 13. Nbd2 Nxd2 14. Nxd2
e6 15. O-O Bd6 16. e4 Bxe4 17. Nxe4 dxe4 18. Rad1 Ke7 19. Rd4 Qe5 20. g3 Rhd8
21. Qa4 Bc5 22. Rxe4 Qc7 23. Ba6 Rb8 24. b4 Bd6 25. Rc4 Qd7 26. Bb5 Qb7 27. Bc6
b5 28. Bxb7 bxa4 29. Bc6 a3 30. b5 f5 31. Re1 Kf6 32. f4 Bc7 33. Kf2 Rd2+ 34.
Re2 Rbd8 35. Ra4 Bb6+ 36. Kf1 Rb2 37. Bf3 Rd3 38. Kg2 Rxc3 39. h4 Rxb5 40. Bb7
Rb2 41. Rxb2 axb2 42. Rb4 Rc2+ 43. Kh3 h5 44. Rb3 Bd4 0-1

[Event "33. Münsterland Open"]
[Site "Senden"]
[Date "2015.10.11"]
[Round "3.1"]
[White "Ackermann, Hans Werner"]
[Black "Zubarev, Alexander"]
[Result "0-1"]
[WhiteElo "2331"]
[BlackElo "2542"]
[PlyCount "82"]
[EventDate "2015.??.??"]
[WhiteTeam "SSC Rostock"]
[BlackTeam "SC Siegburg"]

1. Nf3 c5 2. b3 Nc6 3. Bb2 e6 4. e3 Nf6 5. Bb5 Qc7 6. O-O a6 7. Be2 b5 8. d4
Bb7 9. c4 bxc4 10. bxc4 cxd4 11. exd4 Be7 12. Nbd2 O-O 13. Bd3 Nb4 14. Bb1 d5
15. c5 Nd7 16. Re1 a5 17. Ne5 Nxe5 18. Rxe5 g6 19. Nf3 Ba6 20. h4 Bf6 21. Re1
Rab8 22. Bc3 Qf4 23. h5 Nc6 24. Bc2 Qg4 25. Ba4 Nb4 26. Re3 Bb5 27. hxg6 hxg6
28. Ne5 Qxd1+ 29. Bxd1 Bxe5 30. Rxe5 Rb7 31. Re3 Nc6 32. g4 e5 33. Rxe5 Nxe5
34. dxe5 Bc6 35. Bxa5 Rb5 36. Bb6 Ra8 37. a4 Rb2 38. a5 d4 39. Kf1 Kg7 40. Kg1
Rh8 41. f3 Rhh2 0-1

[Event "33. Münsterland Open"]
[Site "Senden"]
[Date "2015.10.11"]
[Round "3.2"]
[White "Kantans, Toms"]
[Black "Schmitzer, Klaus"]
[Result "1-0"]
[WhiteElo "2504"]
[BlackElo "2264"]
[PlyCount "125"]
[EventDate "2015.??.??"]
[WhiteTeam "SG Speyer-Schwegenheim"]
[BlackTeam "Bad Vilbeler Sfr"]

1. e4 c6 2. d4 d5 3. Nc3 dxe4 4. Nxe4 Nf6 5. Nxf6+ gxf6 6. c3 Qd5 7. Nf3 h5 8.
Be3 Nd7 9. Qb3 Nb6 10. c4 Qa5+ 11. Bd2 Qf5 12. a4 Qe4+ 13. Be3 Bf5 14. a5 Nd7
15. Rc1 e5 16. Nd2 Qg4 17. f3 Qg6 18. Kf2 exd4 19. Bxd4 O-O-O 20. a6 b6 21. Qa4
Ne5 22. c5 b5 23. Qb4 Bh6 24. Nb3 Bxc1 25. Nxc1 Rd7 26. Be2 Rg8 27. g3 Rgd8 28.
Bc3 Be6 29. Qf4 Rd5 30. Re1 Rxc5 31. Qe3 Qf5 32. Kg2 Nc4 33. Bxc4 bxc4 34. Bxf6
Rd7 35. Bc3 Rcd5 36. Ne2 Qh3+ 37. Kg1 Rd1 38. Nd4 Rxe1+ 39. Bxe1 c5 40. Nxe6
Qxe6 41. Qxc5+ Rc7 42. Qf8+ Kd7 43. Bf2 f6 44. Kg2 Qxa6 45. Qf7+ Kc8 46. Qxh5
Kb7 47. h4 Qc6 48. Qa5 a6 49. Qc3 Rd7 50. Qe3 f5 51. h5 Rd3 52. Qf4 Rb3 53. Bd4
Qe6 54. Qe5 Qc6 55. Qxf5 Rd3 56. Bg7 Rd2+ 57. Kh3 Rd5 58. Be5 Rd3 59. Kg4 Qe8
60. Qe4+ Ka7 61. Bd4+ Rxd4 62. Qxd4+ Kb7 63. Qe4+ 1-0

[Event "33. Münsterland Open"]
[Site "Senden"]
[Date "2015.10.11"]
[Round "3.3"]
[White "Huhndorf, Arnold"]
[Black "Podzielny, Karl-Heinz"]
[Result "1/2-1/2"]
[WhiteElo "2255"]
[BlackElo "2409"]
[PlyCount "107"]
[EventDate "2015.??.??"]
[WhiteTeam "SV Würselen"]
[BlackTeam "SV Letmathe"]

1. d4 Nf6 2. c4 g6 3. Nc3 Bg7 4. e4 d6 5. Be2 O-O 6. Be3 a5 7. Nf3 Na6 8. Nd2
Nd7 9. O-O e5 10. d5 f5 11. f3 Rf7 12. a3 Qf8 13. b4 Bh6 14. Bf2 Rb8 15. Rb1
Nf6 16. c5 axb4 17. axb4 dxc5 18. b5 Nb4 19. Nc4 Nd7 20. d6 cxd6 21. Nxd6 Rf6
22. Nxc8 Qxc8 23. Nd5 Nxd5 24. Qxd5+ Kg7 25. Rbd1 Rf7 26. exf5 Nf6 27. Qxe5 Qe8
28. Qb2 Be3 29. Bc4 Bxf2+ 30. Qxf2 Re7 31. fxg6 hxg6 32. Rd6 Re3 33. Qg3 Rd8
34. Qf4 Rxd6 35. Qxd6 Qe7 36. Qxe7+ Rxe7 37. Kf2 Nd7 38. Re1 Rxe1 39. Kxe1 g5
40. Kd2 Kf6 41. Ke3 Nb6 42. Ba2 Nc8 43. f4 Nd6 44. fxg5+ Kxg5 45. Bd5 Nxb5 46.
Bxb7 Nd6 47. Be4 Nc4+ 48. Kf2 Nd6 49. Bd5 c4 50. Ke3 Nf5+ 51. Kd2 c3+ 52. Kxc3
Ne3 53. Kd4 Nxg2 54. Bxg2 1/2-1/2

[Event "33. Münsterland Open"]
[Site "Senden"]
[Date "2015.10.11"]
[Round "3.4"]
[White "Schleining, Zoya"]
[Black "Müller, Martin"]
[Result "1-0"]
[WhiteElo "2363"]
[BlackElo "2130"]
[PlyCount "69"]
[EventDate "2015.??.??"]
[WhiteTeam "SV Letmathe"]
[BlackTeam "SV Unser Fritz"]

1. Nf3 d6 2. e4 Nf6 3. d3 g6 4. g3 Bg7 5. Bg2 O-O 6. O-O Bg4 7. h3 Bxf3 8. Qxf3
Nfd7 9. Nd2 c6 10. Qe2 Na6 11. c3 b5 12. d4 Nc7 13. f4 b4 14. Nf3 bxc3 15. bxc3
Rb8 16. Be3 e6 17. Rac1 d5 18. Ne5 Rb6 19. Rfd1 f6 20. Nd3 Qe7 21. c4 Nb8 22.
Bf2 Qf7 23. Kh2 Nba6 24. Be1 Rfb8 25. Ba5 R6b7 26. e5 f5 27. Qc2 Bf8 28. Qa4
Qe8 29. Rc2 Na8 30. Rdc1 Nb4 31. Bxb4 Bxb4 32. cxd5 cxd5 33. Qxe8+ Rxe8 34. Rc8
Rf8 35. Nxb4 1-0

[Event "33. Münsterland Open"]
[Site "Senden"]
[Date "2015.10.11"]
[Round "3.5"]
[White "Virnyi, Julius"]
[Black "Schuh, Dirk"]
[Result "1/2-1/2"]
[WhiteElo "2100"]
[BlackElo "2360"]
[PlyCount "82"]
[EventDate "2015.??.??"]
[WhiteTeam "SK Münster"]
[BlackTeam "Düsseldorfer SK"]

1. d4 d5 2. c4 dxc4 3. e3 e5 4. Bxc4 exd4 5. Nf3 Bb4+ 6. Bd2 Bxd2+ 7. Qxd2 Nf6
8. Qxd4 Qxd4 9. Nxd4 a6 10. a4 c5 11. Nf3 b6 12. O-O Nc6 13. Rd1 Ke7 14. Nc3
Be6 15. Bxe6 fxe6 16. Kf1 Rad8 17. Ke2 Rxd1 18. Rxd1 Rb8 19. Ng5 b5 20. axb5
axb5 21. Nce4 h6 22. Nxf6 gxf6 23. Ne4 c4 24. Nc5 Ne5 25. f4 Rc8 26. Nxe6 Kxe6
27. fxe5 Kxe5 28. Rd7 c3 29. bxc3 Rxc3 30. Rb7 Rb3 31. g4 Ke4 32. Re7+ Kd5 33.
h4 b4 34. Rf7 Ke5 35. Rh7 Ra3 36. Rxh6 Ke4 37. Rxf6 Ra2+ 38. Kf1 Kxe3 39. Rb6
Rf2+ 40. Kg1 Rf4 41. Kg2 Rxg4+ 1/2-1/2